00579nam a2200205 a 4500008004100000020001500041020001500056050001600071100002300087245002500110250001200135260003400147300002300181350000900204490004700213490003300260500004100293650002500334650001400359120416s1972 ||||||||||||||||| || u a008016854x a008016854X aHB 1951 Cla aClarke, John Innes10aPopulation geography a2nd ed. aOxford:bPergamon Pressc1972 axi, 176 p. illus.  a0.00 aThe Commonwealth and international library v Pergamon Oxford geographies aIncludes bibliographical references. aPopulation geography aGEOGRAPHY